00485nam a2200205Ia 4500008004100000020001800041050001300059050001600072100001600088245002300104245001500127260001600142260003200158260000900190300001500199300002100214300001100235440002000246650001300266170203s9999 xx 000 0 und d a9789812615817 a641.8654 b.S271c 2008 aSaw, Betty. aCookies & slices / cBetty Saw. aSingapore : bMarshall Cavendish Cuisine, c2008 a79 pages ; billustrations ;  c17 cm. aMini cookbooks. acookies.